Debiuty szachowe na szachownicy - Statystyki

Ogólne statystyki
  • Ten quiz został rozwiązany 392 razy
  • Średni wynik to 11 z 20
Statystyki odpowiedzi
Obrazkowy Odpowiedź % Poprawnych
Gambit hetmański
90%
Partia hiszpańska
90%
Obrona sycylijska
74%
Partia angielska
72%
Obrona francuska
67%
Gambit królewski
66%
Obrona skandynawska
65%
Obrona Caro-Kann
64%
Obrona czterech skoczków
62%
Obrona rosyjska
62%
Partia szkocka
53%
Obrona holenderska
52%
Obrona słowiańska
50%
System londyński
48%
Partia wiedeńska
44%
Obrona Alechina
40%
Partia katalońska
29%
Obrona Grünfelda
28%
Obrona Nimzowitscha
19%
Obrona Czigorina
11%
Nie znaleziono quizów pasujących do podanych kryteriów
Rozkład punktacji
Procent ludzi z każdym wynikiem
Percentyl według liczby udzielonych odpowiedzi
Twoja historia wyników
Nie rozwiązałeś tego quizu